Paises bajo el control del imperio ruso - Estadísticas

Estadísticas generales
  • Esta prueba ha sido intentada 156 veces
    146 desde el último reinicio
  • La puntuación promedio es 16 de 17
Estadísticas de respuestas
País % Correcto
Ucrania
97%
Kazajistán
96%
Armenia
95%
Georgia
95%
Bielorrusia
94%
Turkmenistán
94%
Estonia
93%
Finlandia
93%
Lituania
93%
Uzbekistán
93%
Letonia
92%
Polonia
92%
Tayikistán
91%
Kirguistán
90%
Moldavia
90%
Azerbaiyan
81%
Rusia
81%
No se encontraron pruebas coincidentes
Distribución de puntuación
Porcentaje de gente con cada puntuación
Porcentaje por número respondido
Historial de tus puntuaciones
No has intentado esta prueba desde el último reinicio